Paper crafts

Bibliographic Details
Main Author: Lancaster, John
Format: Book
Published: London : Franklin Watts , 1991
Series:Fresh Start
Subjects:

MARC

LEADER 00000cam a2200000 7i4500
001 0000005534
002 000005984
005 20011107.0
020 |a 0863138969 
090 0 0 |a 745.5   |b FRE 
100 1 |a Lancaster, John 
245 1 0 |a Paper crafts   |c John Lancaster 
260 |a London :   |b Franklin Watts ,   |c 1991 
300 |a 48p ;   |c 25 cm. 
490 0 |a Fresh Start 
650 0 0 |a Paper crafts   |x Juvenile literature 
999 |a 027160   |b BUKU   |c JUNIOR REFERENCE   |e PERPUSTAKAAN KOMUNITI PETALING JAYA